[Event "DLM 2009"]
[Site "Wismar GER"]
[Date "2009.09.30"]
[Round "2"]
[White "Strunski, Andreas"]
[Black "Savchenko, Aleksij"]
[Result "0-1"]
[Termination "normal"]
[Board "1.1"]
[WhiteTitle "FM"]
[WhiteElo "2394"]
[BlackElo "2246"]
[WhiteTeam "Württemberg"]
[BlackTeam "Nordrhein-Westfalen"]
[PlyCount "64"]
[WhiteFideId "24606073"]
[BlackFideId "24611727"]
[EventCountry "GER"]
[EventRounds "7"]
[EventType "team-swiss"]
[EventDate "2009.09.29"]

1. d4 d5 2. c4 e6 3. Nc3 Be7 4. cxd5 exd5 5. Qc2 c6 6. Bf4 Nf6 7. e3 Nbd7 8.
Bd3 Nf8 9. Bg3 Ng6 10. Nge2 O-O 11. f3 c5 12. Qd2 Nh5 13. Bf2 Be6 14. O-O c4
15. Bc2 f5 16. b3 Bd6 17. bxc4 dxc4 18. d5 Bd7 19. f4 b5 20. Nd4 b4 21. Ncb5
Bc5 22. Qe2 a6 23. Qxh5 axb5 24. Nxf5 Qc8 25. Nh4 Bg4 26. Bxg6 Bxh5 27. Bxh5 b3
28. axb3 Rxa1 29. Rxa1 cxb3 30. Bf3 b2 31. Rf1 Bxe3 32. Bxe3 Qc2 0-1

[Event "DLM 2009"]
[Site "Wismar GER"]
[Date "2009.09.30"]
[Round "2"]
[White "Kelbling, Philipp"]
[Black "Pogan, Nikolas"]
[Result "1-0"]
[Termination "normal"]
[Board "1.2"]
[WhiteElo "2116"]
[BlackElo "2069"]
[WhiteTeam "Nordrhein-Westfalen"]
[BlackTeam "Württemberg"]
[PlyCount "58"]
[WhiteFideId "24669750"]
[BlackFideId "24673579"]
[EventCountry "GER"]
[EventRounds "7"]
[EventType "team-swiss"]
[EventDate "2009.09.29"]

1. d4 d5 2. c4 c6 3. Nf3 Nf6 4. Nc3 e6 5. cxd5 exd5 6. Bg5 Bd6 7. Qc2 Nbd7 8.
e3 Qa5 9. Bd3 h6 10. Bh4 O-O 11. O-O a6 12. a3 Qc7 13. Rfc1 b5 14. e4 Bf4 15.
e5 Bxc1 16. Rxc1 g5 17. Bg3 Qb7 18. exf6 Nxf6 19. Be5 Qe7 20. Ne2 Bd7 21. Ng3
Rfc8 22. Nf5 Bxf5 23. Bxf5 Nd7 24. Re1 f6 25. Bxd7 Qxd7 26. Bxf6 Qf7 27. Re7
Qxf6 28. Qh7+ Kf8 29. Ne5 Re8 1-0

[Event "DLM 2009"]
[Site "Wismar GER"]
[Date "2009.09.30"]
[Round "2"]
[White "Erben, Larissa"]
[Black "Kartsev, Alexandr"]
[Result "1-0"]
[Termination "normal"]
[Board "1.3"]
[WhiteElo "2035"]
[BlackElo "2056"]
[WhiteTeam "Württemberg"]
[BlackTeam "Nordrhein-Westfalen"]
[PlyCount "41"]
[WhiteFideId "24634590"]
[BlackFideId "24647110"]
[EventCountry "GER"]
[EventRounds "7"]
[EventType "team-swiss"]
[EventDate "2009.09.29"]

1. e4 {[%emt 0:00:00]} e6 2. d4 d5 3. exd5 exd5 4. Nf3 Bd6 5. c4 c6 6. Nc3 Ne7
7. Bd3 dxc4 8. Bxc4 O-O 9. O-O Nd7 10. Ne4 Bc7 11. Bg5 Nb6 12. Bb3 Kh8 13. Bh4
f6 14. Nc5 Nf5 15. Re1 Nxh4 16. Nxh4 Nd5 17. Qf3 Nf4 18. Qe3 b6 19. Nd3 Nxd3
20. Qxd3 f5 21. Ng6+ 1-0

[Event "DLM 2009"]
[Site "Wismar GER"]
[Date "2009.09.30"]
[Round "2"]
[White "Blübaum, Johanna"]
[Black "Schäfer, Alexander"]
[Result "0-1"]
[Termination "normal"]
[Board "1.4"]
[WhiteElo "2024"]
[BlackElo "2073"]
[WhiteTeam "Nordrhein-Westfalen"]
[BlackTeam "Württemberg"]
[PlyCount "32"]
[WhiteFideId "24647373"]
[BlackFideId "24615196"]
[EventCountry "GER"]
[EventRounds "7"]
[EventType "team-swiss"]
[EventDate "2009.09.29"]

1. d4 f5 2. Bg5 g6 3. Nd2 Bg7 4. e4 fxe4 5. Nxe4 d5 6. Nc5 b6 7. Nb3 Nh6 8. Nf3
Nf7 9. Bh4 O-O 10. Bd3 Qd7 11. Qe2 e5 12. Nxe5 Nxe5 13. dxe5 Bxe5 14. O-O Bxb2
15. Rab1 Bc3 16. Rfd1 Qe6 0-1

[Event "DLM 2009"]
[Site "Wismar GER"]
[Date "2009.09.30"]
[Round "2"]
[White "Xu, Xianliang"]
[Black "Pauly, Carlo"]
[Result "1/2-1/2"]
[Termination "normal"]
[Board "1.5"]
[WhiteElo "1961"]
[BlackElo "2032"]
[WhiteTeam "Württemberg"]
[BlackTeam "Nordrhein-Westfalen"]
[PlyCount "75"]
[WhiteFideId "4603230"]
[BlackFideId "24673269"]
[EventCountry "GER"]
[EventRounds "7"]
[EventType "team-swiss"]
[EventDate "2009.09.29"]

1. e4 c5 2. d4 cxd4 3. c3 g6 4. cxd4 d5 5. exd5 Nf6 6. Nc3 Nxd5 7. Qb3 Nb6 8.
Bb5+ Bd7 9. Nf3 Bg7 10. a4 Bxb5 11. axb5 O-O 12. h4 h5 13. Be3 N8d7 14. g4 hxg4
15. Ne5 Nxe5 16. dxe5 Bxe5 17. h5 g5 18. Bxg5 Qd3 19. Be3 Nc4 20. Rd1 Bxc3+ 21.
Qxc3 Qe4 22. Rh4 Ne5 23. h6 f6 24. Kf1 Nf3 25. Rh5 g3 26. fxg3 Ne5 27. Bf4 Rad8
28. Rxd8 Rxd8 29. Bxe5 Kh7 30. Rh4 Qb1+ 31. Kg2 fxe5 32. Qxe5 Rd2+ 33. Kh3 Qf1+
34. Kg4 Qd1+ 35. Kh3 Qh1+ 36. Kg4 Qd1+ 37. Kh3 Qh1+ 38. Kg4 1/2-1/2

[Event "DLM 2009"]
[Site "Wismar GER"]
[Date "2009.09.30"]
[Round "2"]
[White "Karmann, Anna"]
[Black "Stitterich, Nadine"]
[Result "0-1"]
[Termination "normal"]
[Board "1.6"]
[WhiteElo "1914"]
[BlackElo "1941"]
[WhiteTeam "Nordrhein-Westfalen"]
[BlackTeam "Württemberg"]
[PlyCount "110"]
[WhiteFideId "24648000"]
[BlackFideId "24676527"]
[EventCountry "GER"]
[EventRounds "7"]
[EventType "team-swiss"]
[EventDate "2009.09.29"]

1. c4 Nf6 2. g3 g6 3. b3 Bg7 4. Bb2 d6 5. Bg2 O-O 6. Nf3 Nbd7 7. O-O e5 8. d3
a6 9. Nbd2 Rb8 10. Rc1 Re8 11. Ne1 c5 12. Nc2 b5 13. cxb5 axb5 14. b4 Bb7 15.
Bxb7 Rxb7 16. Ne4 Qb6 17. a3 Nxe4 18. dxe4 Nf6 19. Qd3 c4 20. Qf3 Qc6 21. Ne3
Qxe4 22. Rcd1 Qxf3 23. exf3 Bf8 24. Nd5 Nxd5 25. Rxd5 Rc8 26. Rc1 f6 27. f4 Kf7
28. fxe5 dxe5 29. Rcd1 Ke6 30. Kf1 c3 31. Bc1 Rcc7 32. Ke2 f5 33. f4 exf4 34.
gxf4 Bg7 35. R1d3 Rd7 36. Rc5 Rdc7 37. Rdd5 Rxc5 38. Rxc5 Bd4 39. Rc8 Bf6 40.
Rc6+ Kf7 41. Kd3 h6 42. Rc5 Ke6 43. h4 Rd7+ 44. Kc2 Rd5 45. Rc6+ Rd6 46. Rc5
Rd5 47. Rc8 Rd8 48. Rxd8 Bxd8 49. h5 gxh5 50. Kxc3 Bb6 51. Kd3 Kd5 52. Bb2 h4
53. Ke2 Ke4 54. Be5 h3 55. Kf1 Kf3 0-1

[Event "DLM 2009"]
[Site "Wismar GER"]
[Date "2009.09.30"]
[Round "2"]
[White "Kaulich, Philipp Theodor"]
[Black "Wolff, Christopher"]
[Result "1/2-1/2"]
[Termination "normal"]
[Board "1.7"]
[WhiteElo "1862"]
[BlackElo "1808"]
[WhiteTeam "Württemberg"]
[BlackTeam "Nordrhein-Westfalen"]
[PlyCount "49"]
[WhiteFideId "4641582"]
[EventCountry "GER"]
[EventRounds "7"]
[EventType "team-swiss"]
[EventDate "2009.09.29"]

1. e4 {[%emt 0:00:00]} c5 2. d4 cxd4 3. c3 d5 4. exd5 Qxd5 5. cxd4 Nc6 6. Nf3
Bg4 7. Nc3 Bxf3 8. gxf3 Qxd4 9. Qxd4 Nxd4 10. Nb5 O-O-O 11. Nxd4 Rxd4 12. Be3
Rd6 13. Bb5 a6 14. Rc1+ Kb8 15. Be8 f6 16. Ke2 Nh6 17. Rhd1 e5 18. Bd7 Be7 19.
Bxh6 gxh6 20. Rxd6 Bxd6 21. Bf5 Re8 22. Rd1 Kc7 23. Rc1+ Kb8 24. Rc4 Rg8 25.
Rg4 1/2-1/2

[Event "DLM 2009"]
[Site "Wismar GER"]
[Date "2009.09.30"]
[Round "2"]
[White "Bork, Sophie"]
[Black "Weber, Sandra"]
[Result "0-1"]
[Termination "normal"]
[Board "1.8"]
[WhiteElo "1181"]
[BlackElo "1334"]
[WhiteTeam "Nordrhein-Westfalen"]
[BlackTeam "Württemberg"]
[PlyCount "52"]
[WhiteFideId "12905429"]
[BlackFideId "1270049"]
[EventCountry "GER"]
[EventRounds "7"]
[EventType "team-swiss"]
[EventDate "2009.09.29"]

1. e4 {[%emt 0:00:00]} e5 2. Nf3 Nc6 3. Bc4 Bc5 4. d3 Nf6 5. Bg5 h6 6. Bh4 O-O
7. Nc3 Be7 8. d4 exd4 9. Nxd4 Nxe4 10. Nxe4 Bxh4 11. Nf5 d6 12. Nxh4 Qxh4 13.
Qf3 Nd4 14. Qd3 Re8 15. O-O-O Rxe4 16. f3 Ne2+ 17. Kb1 Nc3+ 18. Qxc3 Rxc4 19.
Qd3 Be6 20. g3 Qf6 21. Rhe1 Rb4 22. c3 Ra4 23. a3 Bf5 24. Re4 Bxe4 25. fxe4 Qe5
26. Qc2 Qxe4 0-1

[Event "DLM 2009"]
[Site "Wismar GER"]
[Date "2009.09.30"]
[Round "2"]
[White "Lubbe, Nikolas"]
[Black "Bracker, Arne"]
[Result "1-0"]
[Termination "normal"]
[Board "2.1"]
[WhiteElo "2330"]
[BlackElo "2219"]
[WhiteTeam "Niedersachsen"]
[BlackTeam "Hamburg"]
[PlyCount "47"]
[WhiteFideId "4694031"]
[BlackFideId "24618160"]
[EventCountry "GER"]
[EventRounds "7"]
[EventType "team-swiss"]
[EventDate "2009.09.29"]

1. e4 e5 2. Bc4 Nf6 3. Nc3 Nc6 4. d3 Na5 5. Nge2 c6 6. O-O Nxc4 7. dxc4 d6 8.
Bg5 Be6 9. b3 Be7 10. Qd3 h6 11. Bxf6 Bxf6 12. Rad1 Be7 13. c5 Qa5 14. cxd6
O-O-O 15. Qg3 Bf8 16. Rd3 g5 17. Rfd1 Rg8 18. Qe3 Kb8 19. Qd2 f6 20. Na4 Qxd2
21. R3xd2 b6 22. c4 c5 23. Nac3 a6 24. Ng3 1-0

[Event "DLM 2009"]
[Site "Wismar GER"]
[Date "2009.09.30"]
[Round "2"]
[White "Lampert, Jonas"]
[Black "Günnigmann, Manuel"]
[Result "1/2-1/2"]
[Termination "normal"]
[Board "2.2"]
[WhiteElo "2111"]
[BlackElo "2158"]
[WhiteTeam "Hamburg"]
[BlackTeam "Niedersachsen"]
[PlyCount "135"]
[WhiteFideId "1303759"]
[BlackFideId "24640360"]
[EventCountry "GER"]
[EventRounds "7"]
[EventType "team-swiss"]
[EventDate "2009.09.29"]

1. e4 c5 2. Nf3 Nc6 3. d4 cxd4 4. Nxd4 Nf6 5. Nc3 e5 6. Ndb5 d6 7. Bg5 a6 8.
Na3 b5 9. Nd5 Be7 10. Bxf6 Bxf6 11. c3 Ne7 12. Nxf6+ gxf6 13. Qf3 f5 14. exf5
Bxf5 15. Bd3 Be6 16. Qf6 Ng6 17. Qxd8+ Rxd8 18. Nc2 Nf4 19. Bf1 O-O 20. Nb4 a5
21. Nc6 Ra8 22. g3 Ng6 23. Rd1 Bxa2 24. Bxb5 d5 25. Ra1 Bc4 26. Bxc4 dxc4 27.
Nxa5 e4 28. O-O Ne5 29. Kg2 Rfd8 30. b4 Rd3 31. Rfe1 f5 32. Re3 Rxe3 33. fxe3
Rd8 34. Ra2 Rd1 35. b5 Rb1 36. Nc6 Nf3 37. Ne7+ Kf7 38. Nxf5 Kf6 39. Nd4 Nxd4
40. cxd4 Rxb5 41. Rc2 Rb4 42. g4 Ke6 43. Kg3 Kd5 44. Kf4 Rb7 45. g5 Rf7+ 46.
Kg4 Rf3 47. Rc3 Rf7 48. h4 Rb7 49. h5 Rb3 50. g6 hxg6 51. h6 Rb1 52. Kg5 Rh1
53. Kxg6 Rg1+ 54. Kf7 Rf1+ 55. Kg7 Rg1+ 56. Kh8 Rg6 57. h7 Rg2 58. Ra3 Rg3 59.
Ra5+ Kd6 60. Ra7 c3 61. Rg7 c2 62. Rxg3 c1=Q 63. Rg4 Kd5 64. Kg7 Qc7+ 65. Kh6
Qh2+ 66. Kg7 Qc7+ 67. Kh6 Qh2+ 68. Kg7 1/2-1/2

[Event "DLM 2009"]
[Site "Wismar GER"]
[Date "2009.09.30"]
[Round "2"]
[White "Bradler, Stephan"]
[Black "Müller, Tobias"]
[Result "1/2-1/2"]
[Termination "normal"]
[Board "2.3"]
[WhiteElo "2061"]
[BlackElo "1922"]
[WhiteTeam "Niedersachsen"]
[BlackTeam "Hamburg"]
[PlyCount "100"]
[WhiteFideId "24629367"]
[BlackFideId "24643394"]
[EventCountry "GER"]
[EventRounds "7"]
[EventType "team-swiss"]
[EventDate "2009.09.29"]

1. e4 c5 2. Nf3 d6 3. d4 cxd4 4. Nxd4 Nf6 5. Nc3 g6 6. Be3 Bg7 7. f3 O-O 8. Qd2
Nc6 9. Bc4 Bd7 10. O-O-O Rb8 11. Bb3 Na5 12. Bh6 Bxh6 13. Qxh6 b5 14. g4 Nxb3+
15. Nxb3 a5 16. h4 a4 17. Nd4 b4 18. Nd5 b3 19. cxb3 axb3 20. a3 e5 21. Nf5
Bxf5 22. Nxf6+ Qxf6 23. gxf5 d5 24. Kb1 dxe4 25. fxg6 fxg6 26. fxe4 Qc6 27. Qd2
Qxe4+ 28. Qd3 Qf5 29. Rhe1 Rbd8 30. Qxf5 gxf5 31. Rxd8 Rxd8 32. Kc1 e4 33. Re3
Rb8 34. Kd2 Kf7 35. Rc3 Ke6 36. Ke3 Rg8 37. Kd4 Rg4 38. Rc6+ Kf7 39. Ke5 e3 40.
Kxf5 Rxh4 41. Rf6+ Kg7 42. Re6 Rh2 43. Re7+ Kf8 44. Rxe3 Rxb2 45. Ke4 Ke7 46.
Kd4+ Kf6 47. Kc3 Rb1 48. Rh3 Kg6 49. Rg3+ Kf7 50. Rh3 Kg7 1/2-1/2

[Event "DLM 2009"]
[Site "Wismar GER"]
[Date "2009.09.30"]
[Round "2"]
[White "Ludwig, Jan"]
[Black "Kyas, Philipp"]
[Result "1-0"]
[Termination "normal"]
[Board "2.4"]
[WhiteElo "1933"]
[BlackElo "1953"]
[WhiteTeam "Hamburg"]
[BlackTeam "Niedersachsen"]
[PlyCount "105"]
[WhiteFideId "24643289"]
[BlackFideId "24670936"]
[EventCountry "GER"]
[EventRounds "7"]
[EventType "team-swiss"]
[EventDate "2009.09.29"]

1. e4 c6 2. d4 d5 3. Nd2 dxe4 4. Nxe4 Bf5 5. Ng3 Bg6 6. Bc4 e6 7. N1e2 Nd7 8.
h4 h6 9. Nf4 Qf6 10. Nxg6 Qxg6 11. Be3 Nb6 12. Bd3 Qf6 13. Qg4 Nd5 14. Nh5 Qe7
15. Nxg7+ Bxg7 16. Qxg7 Qf6 17. Qg4 h5 18. Qe4 Nxe3 19. fxe3 Nh6 20. Be2 Qf5
21. Qxf5 Nxf5 22. Kf2 Ke7 23. Rad1 Rag8 24. Rh3 Nd6 25. Bf3 f5 26. Rg3 Rxg3 27.
Kxg3 Nc4 28. Kf2 Nd6 29. b3 Rf8 30. c4 Ne4+ 31. Bxe4 fxe4+ 32. Ke2 Rg8 33. Kf2
Rf8+ 34. Kg1 Rf5 35. c5 Rd5 36. Rf1 b6 37. cxb6 axb6 38. Rf4 Ra5 39. a4 b5 40.
Rxe4 bxa4 41. bxa4 Rxa4 42. Re5 Ra3 43. Kf2 Ra2+ 44. Kf3 Kf6 45. Rxh5 Ra8 46.
Rc5 Rc8 47. g4 Ke7 48. g5 Kd6 49. h5 Rf8+ 50. Kg4 Rf1 51. h6 Ke7 52. Rxc6 Kf7
53. Rc7+ 1-0

[Event "DLM 2009"]
[Site "Wismar GER"]
[Date "2009.09.30"]
[Round "2"]
[White "Dorn, Carina"]
[Black "Stanau, Guido"]
[Result "0-1"]
[Termination "normal"]
[Board "2.5"]
[WhiteElo "1820"]
[BlackElo "1763"]
[WhiteTeam "Niedersachsen"]
[BlackTeam "Hamburg"]
[PlyCount "96"]
[WhiteFideId "24666335"]
[BlackFideId "24692255"]
[EventCountry "GER"]
[EventRounds "7"]
[EventType "team-swiss"]
[EventDate "2009.09.29"]

1. d4 Nf6 2. c4 g6 3. Nc3 Bg7 4. e4 d6 5. Nf3 O-O 6. Be2 e5 7. O-O Nc6 8. d5
Ne7 9. b4 a5 10. bxa5 Rxa5 11. Qb3 Nh5 12. Ba3 b6 13. Bb4 Ra8 14. a4 f5 15. a5
fxe4 16. Nxe4 Nf4 17. Bd3 Bg4 18. Nfd2 bxa5 19. Rxa5 Rb8 20. Ra4 Qd7 21. Rfa1
Nf5 22. f3 Nd4 23. Qa3 Bh3 24. Bf1 Nc2 25. Qb2 Nxa1 26. Qxa1 Bf5 27. Qa3 Rfd8
28. Ra7 Qc8 29. Ba5 Rb7 30. Ra6 Bf8 31. Qe3 Bh6 32. Qa3 Bf8 33. Qe3 Bxe4 34.
Nxe4 Qb8 35. g3 Rb3 36. Qd2 Nh5 37. Be2 Rb2 38. Qe3 Qb7 39. Rc6 Rxe2 40. Qxe2
Qa7+ 41. Bb6 cxb6 42. Kg2 h6 43. Qb2 Kf7 44. Rxb6 Rd7 45. c5 dxc5 46. Qb5 Qa2+
47. Kh3 Qxd5 48. Qa6 g5 0-1

[Event "DLM 2009"]
[Site "Wismar GER"]
[Date "2009.09.30"]
[Round "2"]
[White "Koop, Thorben"]
[Black "Lemke, Berfín"]
[Result "1-0"]
[Termination "normal"]
[Board "2.7"]
[WhiteElo "1738"]
[BlackElo "1393"]
[WhiteTeam "Niedersachsen"]
[BlackTeam "Hamburg"]
[PlyCount "61"]
[WhiteFideId "24661619"]
[BlackFideId "1270578"]
[EventCountry "GER"]
[EventRounds "7"]
[EventType "team-swiss"]
[EventDate "2009.09.29"]

1. c4 e5 2. Nc3 d6 3. g3 Be6 4. Nf3 Qd7 5. d3 Be7 6. Bg2 Bh3 7. O-O h5 8. d4 h4
9. dxe5 hxg3 10. fxg3 Bxg2 11. Kxg2 Qh3+ 12. Kg1 dxe5 13. Rf2 Nd7 14. Nb5 Bd8
15. Ng5 Bxg5 16. Nxc7+ Kd8 17. Nxa8 Bf6 18. Qd5 Ne7 19. Qxb7 Qg4 20. Bd2 g6 21.
Ba5+ Ke8 22. Nc7+ Kf8 23. Nd5 Qe6 24. Nxe7 Bxe7 25. Bb4 Kg7 26. Bxe7 Qxe7 27.
Rd1 Rd8 28. e3 Kf8 29. Rfd2 Ke8 30. c5 Qxc5 31. Rxd7 1-0

[Event "DLM 2009"]
[Site "Wismar GER"]
[Date "2009.09.30"]
[Round "2"]
[White "Rolfs, Rebecca"]
[Black "Diederichs, Luise"]
[Result "1/2-1/2"]
[Termination "normal"]
[Board "2.8"]
[WhiteElo "1158"]
[BlackElo "1521"]
[WhiteTeam "Hamburg"]
[BlackTeam "Niedersachsen"]
[PlyCount "83"]
[WhiteFideId "24658219"]
[BlackFideId "24661597"]
[EventCountry "GER"]
[EventRounds "7"]
[EventType "team-swiss"]
[EventDate "2009.09.29"]

1. e4 e6 2. d4 d5 3. exd5 exd5 4. Bd3 Bd6 5. Nf3 Nf6 6. O-O Be6 7. Bg5 Nbd7 8.
c3 c6 9. Nbd2 Qc7 10. Bh4 O-O-O 11. Qc2 h6 12. b4 g5 13. Bg3 g4 14. Bxd6 Qxd6
15. Nh4 Rdg8 16. g3 a6 17. a4 Kc7 18. Nb3 Ne4 19. Rfe1 Ng5 20. Nc5 Nxc5 21.
bxc5 Qd7 22. Be2 h5 23. Rab1 Nh3+ 24. Kg2 Rg5 25. Rb6 Bf5 26. Nxf5 Qxf5 27.
Qxf5 Rxf5 28. Rf1 Re8 29. Rb2 Ng5 30. Bd3 Rf3 31. Rd2 Ne4 32. Bxe4 Rxe4 33. Rc2
Kb8 34. h3 f5 35. hxg4 hxg4 36. Rg1 Re7 37. Kf1 Rh7 38. a5 Rd3 39. Kg2 Rf3 40.
Kf1 Rd3 41. Kg2 Rf3 42. Kf1 1/2-1/2

[Event "DLM 2009"]
[Site "Wismar GER"]
[Date "2009.09.30"]
[Round "2"]
[White "Grünter, Martin"]
[Black "Högy, Kevin"]
[Result "1/2-1/2"]
[Termination "normal"]
[Board "3.1"]
[WhiteElo "2151"]
[BlackElo "2145"]
[WhiteTeam "Rheinland-Pfalz"]
[BlackTeam "Hessen"]
[PlyCount "47"]
[WhiteFideId "24640352"]
[BlackFideId "24647098"]
[EventCountry "GER"]
[EventRounds "7"]
[EventType "team-swiss"]
[EventDate "2009.09.29"]

1. e4 e5 2. Nf3 Nc6 3. Bc4 Be7 4. d4 d6 5. dxe5 dxe5 6. Qxd8+ Bxd8 7. b3 Bf6 8.
Bb2 Nge7 9. O-O Bg4 10. Nbd2 O-O 11. h3 Bd7 12. Rfd1 Ng6 13. Nf1 Rfd8 14. Ne3
Nce7 15. Rd2 Bc6 16. Bd3 Nc8 17. Ng4 Nd6 18. Re1 Re8 19. c4 h5 20. Nxf6+ gxf6
21. c5 Nc8 22. Bc2 a5 23. a3 Nce7 24. Red1 1/2-1/2

[Event "DLM 2009"]
[Site "Wismar GER"]
[Date "2009.09.30"]
[Round "2"]
[White "Rafiee, Makan"]
[Black "Hastrich, Julian"]
[Result "1-0"]
[Termination "normal"]
[Board "3.2"]
[WhiteElo "2136"]
[BlackElo "2147"]
[WhiteTeam "Hessen"]
[BlackTeam "Rheinland-Pfalz"]
[PlyCount "39"]
[WhiteFideId "24609340"]
[BlackFideId "24633151"]
[EventCountry "GER"]
[EventRounds "7"]
[EventType "team-swiss"]
[EventDate "2009.09.29"]

1. e4 e5 2. Nf3 Nf6 3. Nxe5 d6 4. Nf3 Nxe4 5. Nc3 Nxc3 6. dxc3 Be7 7. Bf4 Be6
8. Qd2 Nc6 9. O-O-O a6 10. h4 h5 11. Ng5 Bxg5 12. Bxg5 Qd7 13. Bd3 Ne5 14. Rhe1
f6 15. Bf4 Nxd3+ 16. Qxd3 O-O-O 17. Qe3 Bf5 18. Qa7 Qa4 19. Qa8+ Kd7 20. Rxd6+
1-0

[Event "DLM 2009"]
[Site "Wismar GER"]
[Date "2009.09.30"]
[Round "2"]
[White "Stahnecker, Ludwig"]
[Black "Aslan, Benjamin"]
[Result "1/2-1/2"]
[Termination "normal"]
[Board "3.3"]
[WhiteElo "1951"]
[BlackElo "2040"]
[WhiteTeam "Rheinland-Pfalz"]
[BlackTeam "Hessen"]
[PlyCount "72"]
[WhiteFideId "24692026"]
[BlackFideId "24640298"]
[EventCountry "GER"]
[EventRounds "7"]
[EventType "team-swiss"]
[EventDate "2009.09.29"]

1. e4 e6 2. d4 d5 3. Nc3 Nf6 4. Bg5 Be7 5. e5 Nfd7 6. Bxe7 Qxe7 7. f4 O-O 8.
Nf3 c5 9. Qd2 Nc6 10. dxc5 f6 11. O-O-O fxe5 12. fxe5 Nxc5 13. Bd3 Bd7 14. Rde1
Rac8 15. Kb1 Be8 16. h4 Bh5 17. Rh3 Nb4 18. Nd4 Nbxd3 19. cxd3 a6 20. Rg1 Bg4
21. Rg3 Qxh4 22. Qe1 Rf4 23. Nf3 Qe7 24. Qe3 Qf8 25. Ne2 Rb4 26. a3 Nxd3 27.
axb4 Qxb4 28. Qd2 Qxd2 29. Nxd2 Bxe2 30. Nb3 Nb4 31. Rc3 Bd3+ 32. Ka1 Nc2+ 33.
Ka2 Rc4 34. Nd2 Ra4+ 35. Kb3 Rb4+ 36. Ka2 Ra4+ 1/2-1/2

[Event "DLM 2009"]
[Site "Wismar GER"]
[Date "2009.09.30"]
[Round "2"]
[White "Göbel, Constantin"]
[Black "Remy, Janina"]
[Result "1-0"]
[Termination "normal"]
[Board "3.4"]
[WhiteElo "1965"]
[BlackElo "2004"]
[WhiteTeam "Hessen"]
[BlackTeam "Rheinland-Pfalz"]
[PlyCount "109"]
[WhiteFideId "24647071"]
[BlackFideId "24627348"]
[EventCountry "GER"]
[EventRounds "7"]
[EventType "team-swiss"]
[EventDate "2009.09.29"]

1. e4 c6 2. d4 d5 3. Nc3 dxe4 4. Nxe4 Nd7 5. Ng5 Ngf6 6. Bd3 e6 7. Qe2 c5 8.
N1f3 a6 9. Nxf7 Kxf7 10. Ng5+ Ke8 11. Nxe6 Qe7 12. Nc7+ Kd8 13. Nxa8 b5 14. Bd2
Bb7 15. Ba5+ Kc8 16. Qxe7 Bxe7 17. Nb6+ Kb8 18. Nxd7+ Nxd7 19. O-O cxd4 20. Bd2
Bd6 21. Rfe1 Nc5 22. Bb4 Kc7 23. Bxc5 Bxc5 24. Re5 Bd6 25. Rh5 h6 26. Rf5 Re8
27. Rf7+ Re7 28. Rxe7+ Bxe7 29. Re1 Bf6 30. f4 Bc6 31. Re6 Bb7 32. Kf2 Bc8 33.
Re1 Bd7 34. Kf3 Kd6 35. Rh1 Be6 36. h4 h5 37. f5 Bf7 38. Kg3 Kc5 39. Kh3 a5 40.
g4 hxg4+ 41. Kxg4 Bc4 42. h5 a4 43. h6 gxh6 44. Rxh6 Bg7 45. Rh7 Bf8 46. Rh8
Be7 47. Rc8+ Kd5 48. Kh5 Bxd3 49. cxd3 Ke5 50. Re8 Kf6 51. Kg4 b4 52. Ra8 a3
53. bxa3 bxa3 54. Ra6+ Kg7 55. Kf4 1-0

[Event "DLM 2009"]
[Site "Wismar GER"]
[Date "2009.09.30"]
[Round "2"]
[White "Yankelevich, Lev"]
[Black "Breitwieser, Jasmin"]
[Result "1/2-1/2"]
[Termination "normal"]
[Board "3.5"]
[WhiteElo "1943"]
[BlackElo "1866"]
[WhiteTeam "Rheinland-Pfalz"]
[BlackTeam "Hessen"]
[PlyCount "77"]
[WhiteFideId "24684074"]
[BlackFideId "24601705"]
[EventCountry "GER"]
[EventRounds "7"]
[EventType "team-swiss"]
[EventDate "2009.09.29"]

1. e4 {[%emt 0:00:00]} c5 2. Nf3 d6 3. d4 cxd4 4. Nxd4 Nf6 5. Nc3 e6 6. Be3 Be7
7. Be2 Nc6 8. O-O O-O 9. f3 a6 10. a4 Qc7 11. Nb3 b6 12. Qe1 Bb7 13. Qf2 Nd7
14. Qg3 Nb4 15. Rac1 Rfc8 16. Rfd1 d5 17. Qxc7 Rxc7 18. exd5 Nxd5 19. Nxd5 Bxd5
20. Bf4 Rca7 21. Kf1 Nc5 22. Nxc5 Bxc5 23. c4 Bc6 24. b3 Rb7 25. Bd6 Be8 26.
Rd3 Rd7 27. Rcd1 Rad8 28. Bxc5 bxc5 29. Rxd7 Rxd7 30. Rxd7 Bxd7 31. a5 Bc6 32.
Ke1 Kf8 33. Kd2 Ke7 34. Kc3 Kd6 35. b4 cxb4+ 36. Kxb4 Bb7 37. Bd1 e5 38. c5+
Kc7 39. Kc4 1/2-1/2

[Event "DLM 2009"]
[Site "Wismar GER"]
[Date "2009.09.30"]
[Round "2"]
[White "Tran, My Linh"]
[Black "Zimmer, Ketsarin"]
[Result "1/2-1/2"]
[Termination "normal"]
[Board "3.6"]
[WhiteElo "1807"]
[BlackElo "1728"]
[WhiteTeam "Hessen"]
[BlackTeam "Rheinland-Pfalz"]
[PlyCount "23"]
[WhiteFideId "24682462"]
[BlackFideId "4696182"]
[EventCountry "GER"]
[EventRounds "7"]
[EventType "team-swiss"]
[EventDate "2009.09.29"]

1. e4 c5 2. Nf3 d6 3. d4 cxd4 4. Nxd4 Nf6 5. Nc3 a6 6. g3 g6 7. Bg2 Bg7 8. O-O
O-O 9. Kh1 Nc6 10. Nde2 Bd7 11. Nf4 Ne5 12. Nd3 1/2-1/2

[Event "DLM 2009"]
[Site "Wismar GER"]
[Date "2009.09.30"]
[Round "2"]
[White "Bohrmann, Sandra"]
[Black "Bluhm, Sonja Maria"]
[Result "0-1"]
[Termination "normal"]
[Board "3.7"]
[WhiteElo "1579"]
[BlackElo "1723"]
[WhiteTeam "Rheinland-Pfalz"]
[BlackTeam "Hessen"]
[PlyCount "92"]
[WhiteFideId "12905437"]
[BlackFideId "24654027"]
[EventCountry "GER"]
[EventRounds "7"]
[EventType "team-swiss"]
[EventDate "2009.09.29"]

1. e4 {[%emt 0:00:00]} e5 {[%emt 0:00:27]} 2. Nf3 {[%emt 0:00:24]} Nc6 { [%emt
0:00:00]} 3. d4 {[%emt 0:00:00]} exd4 {[%emt 0:00:00]} 4. Nxd4 { [%emt
0:00:39]} Nf6 {[%emt 0:00:35]} 5. Nxc6 {[%emt 0:00:15]} bxc6 { [%emt 0:00:01]}
6. e5 {[%emt 0:00:08]} Qe7 {[%emt 0:00:00]} 7. Qe2 { [%emt 0:00:28]} Nd5 {[%emt
0:00:00]} 8. c4 {[%emt 0:00:00]} Nb6 9. b3 a5 10. Bb2 a4 11. Nd2 axb3 12. axb3
Rxa1+ 13. Bxa1 Qa3 14. Qd1 Bb4 15. Bd3 Qa2 16. Bc2 Bxd2+ 17. Kxd2 h6 18. Re1
Qa5+ 19. Ke2 Qc5 20. Kf1 Qe7 21. Re3 Rg8 22. Qh5 Qa3 23. Qd1 Qe7 24. Qh5 Qa3
25. Qd1 Bb7 26. Bf5 Qe7 27. Bd4 c5 28. Bb2 Qh4 29. Bh3 Qe7 30. Qh5 Qf8 31. e6
dxe6 32. Rxe6+ Kd8 33. Qd1+ Nd7 34. Rxh6 Qe7 35. Rh5 Bc6 36. Bxd7 Bxd7 37. Rd5
c6 38. Rd3 f6 39. Qd2 Kc8 40. Qa5 Re8 41. Qa8+ Kc7 42. Qa7+ Kc8 43. Re3 Qf8 44.
Bc1 Rxe3 45. Bxe3 Qd6 46. Qxc5 Qd1# 0-1